[Event "Tournoi francophone 015"]
[Site "Skype"]
[Date "????.??.??"]
[Round "2.24"]
[White "Gadow, Martin"]
[Black "Vello, Pablo"]
[Result "1-0"]
[WhiteElo "1412"]
[BlackElo "1135"]
[PlyCount "55"]

1. d4 Nf6 2. Nf3 e6 3. c4 d5 4. Nc3 c5 5. e3 Nc6 6. cxd5 exd5 7. dxc5 Bxc5 8.
a3 O-O 9. Be2 Be6 10. O-O a6 11. b4 Bd6 12. Bb2 Qc7 13. Rc1 Rad8 14. b5 axb5
15. Nxb5 Qb8 16. Bxf6 gxf6 17. Nxd6 Qxd6 18. Qd3 Ne5 19. Nxe5 Qxe5 20. f4 Qf5
21. Qd4 Rc8 22. Bd3 Qh5 23. Rxc8 Rxc8 24. Qxf6 Re8 25. Rf3 Bg4 26. Rg3 Re6 27.
Qd8+ Kg7 28. h3 1-0

[Event "Tournoi francophone 015"]
[Site "Skype"]
[Date "????.??.??"]
[Round "2.25"]
[White "Sosa, Juan Carlos"]
[Black "Vincent, Andre"]
[Result "1-0"]
[WhiteElo "1121"]
[BlackElo "1377"]
[PlyCount "75"]

1. d4 Nf6 2. Nc3 d5 3. Bf4 c6 4. e3 Bf5 5. Bd3 Bxd3 6. Qxd3 Nbd7 7. Nf3 e6 8.
O-O Be7 9. Ne5 O-O 10. Nxd7 Qxd7 11. f3 Nh5 12. Rae1 Nxf4 13. exf4 f5 14. g4
Bh4 15. Re5 Rf6 16. Ne2 Raf8 17. Ng3 Bxg3 18. hxg3 Rh6 19. Rfe1 g5 20. fxg5 Rg6
21. gxf5 exf5 22. Re7 Qc8 23. f4 Rg7 24. Rxg7+ Kxg7 25. Re7+ Rf7 26. Qe3 Kf8
27. Rxf7+ Kxf7 28. Qe5 Qe6 29. Qc7+ Qe7 30. Qe5 Qe6 31. b4 b5 32. c3 Qxe5 33.
dxe5 Ke6 34. Kf2 Ke7 35. Kf3 Ke6 36. g4 a6 37. a3 fxg4+ 38. Kxg4 1-0

[Event "Tournoi francophone 015"]
[Site "Skype"]
[Date "????.??.??"]
[Round "2.26"]
[White "Duthoit, Bernard"]
[Black "Montilla Bejarano, Carmen"]
[Result "1-0"]
[WhiteElo "1338"]
[BlackElo "1087"]
[PlyCount "55"]

1. e4 c5 2. Nf3 Nc6 3. c3 e6 4. d4 d5 5. Bd3 Qa5 6. Bd2 b5 7. c4 b4 8. cxd5
exd5 9. exd5 Nxd4 10. Nxd4 cxd4 11. Bc4 Bb7 12. O-O Bxd5 13. Re1+ Kd8 14. Qb3
Nf6 15. Bg5 Bxc4 16. Qxc4 Qxg5 17. Qxd4+ Nd7 18. Rd1 Qf5 19. Nd2 Bc5 20. Qxg7
Qxf2+ 21. Kh1 Bd4 22. Qg5+ Bf6 23. Qa5+ Qb6 24. Qd5 Rc8 25. Ne4 Rc7 26. Nxf6
Qxf6 27. Rac1 Rxc1 28. Qxd7# 1-0

[Event "Tournoi francophone 015"]
[Site "Skype"]
[Date "????.??.??"]
[Round "2.27"]
[White "Vervoort, Jean-Louis"]
[Black "Tolaro, Filippa"]
[Result "1-0"]
[WhiteElo "1273"]
[BlackElo "1086"]
[PlyCount "81"]

1. d4 d5 2. Bf4 Bf5 3. Nf3 e6 4. e3 Bd6 5. Bg3 Bxg3 6. hxg3 Nf6 7. Nc3 Nbd7 8.
Qe2 c6 9. Nh4 Bg4 10. f3 Bh5 11. g4 Bg6 12. Nxg6 fxg6 13. O-O-O Qc7 14. Qf2
O-O-O 15. Bd3 e5 16. Rhe1 e4 17. fxe4 Nxg4 18. Qe2 dxe4 19. Nxe4 Ngf6 20. Nc3
c5 21. Kb1 Rde8 22. Nb5 Qb6 23. Bc4 cxd4 24. Rxd4 Kb8 25. Red1 a6 26. Nc3 Re4
27. Nxe4 Ne5 28. Nxf6 gxf6 29. Bb3 Nc6 30. Rd6 Re8 31. Qg4 Qxe3 32. a3 f5 33.
Qf3 Qc5 34. Ba4 Re3 35. Qd5 Qb6 36. Bxc6 bxc6 37. Qg8+ Kb7 38. Rd7+ Qc7 39.
Rxc7+ Kxc7 40. Qd8+ Kb7 41. Rd7# 1-0

[Event "Tournoi francophone 015"]
[Site "Skype"]
[Date "????.??.??"]
[Round "2.28"]
[White "L'Herbon De Lussats, Jean"]
[Black "Maccaferri, Massimo"]
[Result "1-0"]
[WhiteElo "1259"]
[BlackElo "1074"]
[PlyCount "43"]

1. d4 e5 2. e4 Qe7 3. g3 Nc6 4. c3 exd4 5. Bg2 dxc3 6. bxc3 Qe5 7. Bb2 Bb4 8.
Qc2 Ba5 9. Nf3 Nb4 10. cxb4 Qb5 11. bxa5 Nf6 12. Bc3 O-O 13. Nbd2 Re8 14. Nd4
Qc5 15. O-O b5 16. N2b3 Qc4 17. e5 Nd5 18. Bd2 Qxc2 19. Nxc2 Rxe5 20. Bf4 Re2
21. Ncd4 Nxf4 22. Bxa8 1-0

[Event "Tournoi francophone 015"]
[Site "Skype"]
[Date "????.??.??"]
[Round "2.29"]
[White "Ortis, Yves"]
[Black "Le Bouill, Pierre"]
[Result "0-1"]
[WhiteElo "1096"]
[BlackElo "1252"]
[PlyCount "110"]

1. d4 Nf6 2. Nc3 e6 3. a3 h6 4. e3 b6 5. Bc4 Bb7 6. h3 Be7 7. f3 Nh5 8. Nge2
Ng3 9. Nxg3 Bh4 10. Nce2 Qg5 11. Kf1 Bxg3 12. e4 Qg6 13. Bf4 Bxf4 14. Nxf4 Qf6
15. Qd2 d6 16. Re1 O-O 17. e5 dxe5 18. dxe5 Qe7 19. Nh5 Nd7 20. Qf4 f6 21. Qg4
Nxe5 22. Bxe6+ Kh8 23. Qg3 Bc8 24. Bd5 Rb8 25. f4 Be6 26. Bxe6 g5 27. fxe5
fxe5+ 28. Kg1 Qxe6 29. Rxe5 Qf7 30. Nf4 gxf4 31. Qf3 Rbd8 32. Kh2 Qf6 33. Rh5
Kh7 34. Qe4+ Kg7 35. Rf1 Qd6 36. Qf3 Rde8 37. Qg4+ Qg6 38. Rd5 Qxg4 39. hxg4
Re7 40. g5 hxg5 41. Rxg5+ Kh6 42. Rg4 Ref7 43. Re1 Kh5 44. Kh3 f3 45. Re5+ Rf5
46. Rh4+ Kg5 47. Rhe4 f2 48. Rg4+ Kh5 49. Rh4+ Kg6 50. Re6+ R8f6 51. Re8 Kf7
52. Rhe4 Kg7 53. R4e7+ Rf7 54. Re4 f1=Q 55. Rg4+ Kf6 0-1

[Event "Tournoi francophone 015"]
[Site "Skype"]
[Date "????.??.??"]
[Round "2.30"]
[White "Abdulrazzaq, Mohsen"]
[Black "Esformes, Jacques"]
[Result "1-0"]
[WhiteElo "1249"]
[BlackElo "1052"]
[PlyCount "65"]

1. e4 e5 2. Nf3 Nc6 3. d4 d6 4. Bb5 Bd7 5. Bxc6 Bxc6 6. dxe5 Be7 7. exd6 Bxe4
8. dxe7 Qxe7 9. Be3 Rd8 10. Qe2 Nf6 11. Nc3 O-O 12. O-O Rfe8 13. Nxe4 Nxe4 14.
Rad1 b6 15. Rxd8 Qxd8 16. Nd2 Nxd2 17. Rd1 Qe7 18. Qxd2 Rd8 19. Qxd8+ Qf8 20.
Qxc7 h6 21. Rd8 Qxd8 22. Qxd8+ Kh7 23. Bd4 f6 24. Qd7 Kg6 25. Qxa7 Kh5 26. Qxb6
Kg6 27. Qd8 h5 28. Qg8 h4 29. Qe8+ Kh7 30. Qh5+ Kg8 31. Qg6 Kh8 32. h3 Kg8 33.
Bxf6 1-0

[Event "Tournoi francophone 015"]
[Site "Skype"]
[Date "????.??.??"]
[Round "2.31"]
[White "Dhenain, Sebastien"]
[Black "Quispe, Alberto"]
[Result "0-1"]
[WhiteElo "1086"]
[BlackElo "1230"]
[PlyCount "40"]

1. e4 e6 2. d4 d5 3. exd5 exd5 4. c4 c6 5. cxd5 Qxd5 6. Nc3 Bb4 7. Bd2 Qxd4 8.
Nf3 Qd8 9. Bc4 Nf6 10. O-O O-O 11. Ne5 Be6 12. Bxe6 fxe6 13. a3 Bxc3 14. Bxc3
Nbd7 15. Nxd7 Nxd7 16. Qg4 Qe7 17. Rfe1 Rae8 18. Rxe6 Qf7 19. Rae1 Rxe6 20.
Rxe6 Qxf2+ 0-1

[Event "Tournoi francophone 015"]
[Site "Skype"]
[Date "????.??.??"]
[Round "2.32"]
[White "Gerbaux, Regis"]
[Black "Porcabeuf, Jean-Marc"]
[Result "1-0"]
[WhiteElo "1062"]
[BlackElo "1229"]
[PlyCount "69"]

1. e4 c5 2. Nf3 Nc6 3. c3 d6 4. d4 cxd4 5. cxd4 e6 6. Nc3 Nge7 7. Bc4 Ng6 8. d5
e5 9. dxc6 bxc6 10. Ng5 Be6 11. Nxe6 fxe6 12. Bxe6 Be7 13. Qf3 Rf8 14. Qh3 h6
15. Qh5 Rf6 16. Bf5 Qb6 17. Bxg6+ Kd7 18. Bf5+ Kc7 19. O-O Rg8 20. Qe2 g6 21.
Be3 gxf5 22. Bxb6+ axb6 23. Rac1 Rfg6 24. g3 f4 25. Qf3 Rf8 26. Nd5+ Kd7 27.
Nxb6+ Kc7 28. Nd5+ Kd7 29. Nxe7 Kxe7 30. Qc3 c5 31. Kh1 f3 32. Rce1 h5 33. Rg1
Rh6 34. h4 Rf4 35. gxf4 1-0

[Event "Tournoi francophone 015"]
[Site "Skype"]
[Date "????.??.??"]
[Round "2.33"]
[White "Malbec, Robert"]
[Black "Ramirez, Luis Antonio"]
[Result "1-0"]
[WhiteElo "1214"]
[BlackElo "1017"]
[PlyCount "117"]

1. e4 c5 2. Nf3 d6 3. d4 cxd4 4. Nxd4 e5 5. Nf3 Nf6 6. Nc3 a6 7. h3 h6 8. Bc4
Be7 9. a3 O-O 10. O-O Kh8 11. Bd2 Nh7 12. Qc1 g5 13. g4 Nd7 14. Nd5 Bf6 15. Nh2
Bg7 16. Bb4 Ndf6 17. Qe3 Be6 18. Rad1 Nxd5 19. Bxd5 Qd7 20. Bxe6 fxe6 21. Bxd6
Rfd8 22. Bxe5 Qf7 23. Rxd8+ Rxd8 24. Qb6 Rd2 25. Bxg7+ Kxg7 26. c3 Nf6 27. f3
e5 28. b4 Qd7 29. Qc5 Qf7 30. Qxe5 Rd8 31. Rf2 Qb3 32. Qe7+ Qf7 33. Qxd8 Qd7
34. Qxd7+ Nxd7 35. Rd2 Ne5 36. Kg2 Kf7 37. Nf1 Ke6 38. Ne3 Ng6 39. Nf5 Nf4+ 40.
Kg3 b6 41. Rd6+ Ke5 42. Rxb6 Ne2+ 43. Kf2 Nxc3 44. Rxa6 Kf4 45. Nxh6 Nd1+ 46.
Ke1 Ne3 47. Rf6+ Kg3 48. b5 Kxh3 49. Nf7 Ng2+ 50. Ke2 Nf4+ 51. Kd2 Kg3 52. Nxg5
Ng2 53. b6 Kf2 54. b7 Ne3 55. Nh3+ Kg3 56. Kxe3 Kxh3 57. b8=Q Kh4 58. Kf2 Kg5
59. Qe5+ 1-0

[Event "Tournoi francophone 015"]
[Site "Skype"]
[Date "????.??.??"]
[Round "2.34"]
[White "Tinti, Jacopo"]
[Black "Milanese, Serge"]
[Result "1-0"]
[WhiteElo "1044"]
[BlackElo "1202"]
[PlyCount "57"]

1. c4 d5 2. cxd5 Qxd5 3. Nc3 Qd8 4. g3 e6 5. Bg2 Nf6 6. Nf3 c6 7. a3 Be7 8. d3
Nbd7 9. b4 a6 10. O-O O-O 11. Rb1 h6 12. a4 Nd5 13. Nxd5 exd5 14. Qd2 Nf6 15.
Nd4 Bd7 16. h3 Qb6 17. Qc3 c5 18. a5 cxd4 19. axb6 dxc3 20. Ba3 Rac8 21. Rbc1
c2 22. e4 Be6 23. Rfe1 Bd8 24. b5 Re8 25. bxa6 Bxb6 26. axb7 Rc7 27. exd5 Bd7
28. Rxe8+ Bxe8 29. b8=Q 1-0

[Event "Tournoi francophone 015"]
[Site "Skype"]
[Date "????.??.??"]
[Round "2.35"]
[White "Garganese, Paolo"]
[Black "Schnell, Nicolas"]
[Result "1-0"]
[WhiteElo "1199"]
[BlackElo "1003"]
[PlyCount "55"]

1. e4 e5 2. Nf3 Nc6 3. Bc4 Nf6 4. d3 Bc5 5. c3 O-O 6. O-O Ng4 7. d4 exd4 8.
cxd4 Nxd4 9. Nxd4 Qh4 10. h3 Ne5 11. Nf3 Qxe4 12. Nxe5 Qxe5 13. Re1 Qf5 14. Qf3
Qg6 15. Bd3 Bxf2+ 16. Kxf2 Qb6+ 17. Be3 Qxb2+ 18. Nd2 d6 19. Bc4 Bd7 20. Rab1
Qc3 21. Rec1 Qf6 22. Qxf6 gxf6 23. Rxb7 Rfe8 24. Rxc7 Re5 25. Rxd7 Rf5+ 26. Nf3
Re8 27. Bxf7+ Kf8 28. Bh6# 1-0

[Event "Tournoi francophone 015"]
[Site "Skype"]
[Date "????.??.??"]
[Round "2.36"]
[White "Rodriguez Tovar, Liliana"]
[Black "Yepez, German"]
[Result "0-1"]
[WhiteElo "1036"]
[BlackElo "1191"]
[PlyCount "62"]

1. d4 d5 2. Nf3 Nf6 3. e3 h6 4. Bd3 Ne4 5. O-O Bg4 6. Nbd2 Nxd2 7. Bxd2 Nd7 8.
h3 e6 9. hxg4 Nf6 10. Ne5 g5 11. Re1 Bd6 12. c4 c5 13. Qa4+ Kf8 14. cxd5 Nxd5
15. Ng6+ fxg6 16. Bxg6 Qc7 17. Kf1 Kg7 18. Bd3 Rhf8 19. dxc5 Bg3 20. Re2 Rf7
21. Qe4 Qxc5 22. Qg6+ Kf8 23. Qxh6+ Ke7 24. Qxg5+ Kd7 25. Qg6 Raf8 26. Rc1 Qe7
27. Bb5+ Kd8 28. Qg5 Qxg5 29. Ba5+ b6 30. Be1 Qh4 31. Rcc2 Qh1# 0-1

[Event "Tournoi francophone 015"]
[Site "Skype"]
[Date "????.??.??"]
[Round "2.37"]
[White "Martin, Jean-Claude"]
[Black "Gagnon, Sindy"]
[Result "1-0"]
[WhiteElo "1184"]
[BlackElo "1000"]
[PlyCount "69"]

1. d4 d5 2. c4 c6 3. Nc3 Nf6 4. Bg5 h6 5. Bh4 g5 6. Bg3 Bg7 7. cxd5 cxd5 8. Nb5
Na6 9. Rc1 O-O 10. Nc7 Rb8 11. Nxa6 Ra8 12. Bc7 Qd7 13. Nb8 Qf5 14. Qc2 a6 15.
Qxf5 Bxf5 16. Nf3 Nh5 17. h3 Rc8 18. g4 Be4 19. gxh5 e5 20. Rg1 exd4 21. Nd7 d3
22. Nd2 Bf5 23. Nb6 Bxb2 24. Rc5 Re8 25. Nxa8 Rxa8 26. Rxd5 Be6 27. Rxd3 Re8
28. Nb3 Ba3 29. Bg2 Rc8 30. Bd6 Bxb3 31. axb3 Bc1 32. Bxb7 Rc2 33. Be5 g4 34.
Rd8+ Kh7 35. Rh8# 1-0

[Event "Tournoi francophone 015"]
[Site "Skype"]
[Date "????.??.??"]
[Round "2.38"]
[White "Cassano, Mariangela"]
[Black "De Fazio, Monica"]
[Result "0-1"]
[WhiteElo "1000"]
[BlackElo "1176"]
[PlyCount "52"]

1. d4 d5 2. Nf3 Nf6 3. g3 Nc6 4. Bg2 e6 5. e3 Bb4+ 6. c3 Ba5 7. O-O O-O 8. Nbd2
Re8 9. Re1 e5 10. e4 Bg4 11. h3 Bh5 12. Qc2 Bxf3 13. Nxf3 dxe4 14. dxe5 exf3
15. Bxf3 Nxe5 16. Bf4 Nxf3+ 17. Kg2 Nxe1+ 18. Rxe1 Rxe1 19. Bd2 Re2 20. Qc1 Ne4
21. Be1 Bb6 22. Kf1 Nd2+ 23. Bxd2 Rxf2+ 24. Kg1 Rxd2+ 25. Kh1 Rd1+ 26. Qxd1
Qxd1+ 0-1

[Event "Tournoi francophone 015"]
[Site "Skype"]
[Date "????.??.??"]
[Round "2.39"]
[White "De Coninck, Philippe"]
[Black "Blanchard, Colette"]
[Result "1-0"]
[WhiteElo "1173"]
[BlackElo "1000"]
[PlyCount "55"]

1. e4 e5 2. f4 Nc6 3. Nf3 d6 4. Bc4 h6 5. O-O Nf6 6. Nc3 Be7 7. fxe5 Nd7 8.
exd6 Bxd6 9. d4 O-O 10. Be3 Nf6 11. Qd2 Be6 12. d5 Na5 13. Bb3 Bg4 14. Bxh6
Bc5+ 15. Kh1 Nh5 16. Ne2 Qd6 17. Bxg7 Nxg7 18. Qg5 Bxf3 19. Rxf3 Nxb3 20. axb3
f6 21. Qg4 Rf7 22. Nf4 Kf8 23. Ng6+ Ke8 24. Rh3 Rf8 25. Rf1 f5 26. exf5 Rf6 27.
Rh8+ Rf8 28. Rxf8+ 1-0

[Event "Tournoi francophone 015"]
[Site "Skype"]
[Date "????.??.??"]
[Round "2.40"]
[White "Rodgerson, Michael"]
[Black "Abate, Luigi"]
[Result "0-1"]
[WhiteElo "1000"]
[BlackElo "1169"]
[PlyCount "58"]

1. e4 e5 2. Nf3 Nc6 3. Bc4 Bc5 4. O-O Nf6 5. d3 d5 6. Qe2 dxc4 7. dxc4 Nd4 8.
Qe3 b6 9. Nc3 Nxc2 10. Rb1 Nxe3 11. Bxe3 Bxe3 12. fxe3 Bb7 13. Rbe1 O-O 14. Re2
Ba6 15. Nd5 Bxc4 16. Rd2 Bxf1 17. Kxf1 Nxe4 18. Rd3 c6 19. Rb3 Qxd5 20. Rc3
Qd1+ 21. Ne1 Nxc3 22. bxc3 Rad8 23. Kf2 e4 24. Kg3 Qxe1+ 25. Kh3 Qxe3+ 26. g3
Qe2 27. a4 f5 28. a5 Rd2 29. axb6 Qg4# 0-1

[Event "Tournoi francophone 015"]
[Site "Skype"]
[Date "????.??.??"]
[Round "2.41"]
[White "Rodriguez, Nathalie"]
[Black "Castellanos Gonzalez, Mariano"]
[Result "0-1"]
[WhiteElo "1167"]
[BlackElo "1000"]
[PlyCount "84"]

1. d4 Nf6 2. Bf4 g6 3. Nc3 Bg7 4. Nb5 d6 5. e3 c6 6. Nc3 Nh5 7. Bg3 Nxg3 8.
hxg3 Qb6 9. Na4 Qb4+ 10. Nc3 Qxb2 11. Nf3 Qxc3+ 12. Nd2 Nd7 13. Be2 Qa5 14. Bf3
d5 15. Kf1 Nf6 16. Nb3 Qc7 17. Qe2 Ne4 18. g4 a5 19. Nc5 b6 20. Nxe4 dxe4 21.
Bxe4 Ba6 22. Bd3 Bxd3 23. Qxd3 c5 24. d5 Bxa1 25. Qb5+ Qd7 26. Qxd7+ Kxd7 27.
Ke2 Be5 28. f4 Bd6 29. c4 f6 30. a4 e6 31. dxe6+ Kxe6 32. Rd1 Rad8 33. Rd5 Bc7
34. f5+ gxf5 35. Rxf5 h5 36. Kf3 hxg4+ 37. Kxg4 Rhg8+ 38. Kf3 Rg3+ 39. Ke4 Be5
40. Rh5 Rxg2 41. Rh3 Rf2 42. Rh7 f5# 0-1

[Event "Tournoi francophone 015"]
[Site "Skype"]
[Date "????.??.??"]
[Round "2.42"]
[White "Trapletti, Cosetta"]
[Black "Busto, Ricardo"]
[Result "0-1"]
[WhiteElo "1000"]
[BlackElo "1152"]
[PlyCount "88"]

1. d4 Nf6 2. Bf4 d6 3. Nc3 Nbd7 4. Nf3 e5 5. e4 exf4 6. Bc4 h6 7. O-O Be7 8. d5
O-O 9. h3 c6 10. Qd2 b5 11. Bb3 a6 12. dxc6 Nc5 13. Bd5 b4 14. Ne2 Qc7 15. Nxf4
Ncxe4 16. Qd4 Rb8 17. Rfe1 Nxd5 18. Nxd5 Nf6 19. Nxb4 Qb6 20. Nd5 Qxd4 21. Nxd4
Nxd5 22. Re4 Bf6 23. c3 Rxb2 24. Nf5 Bxf5 25. Ree1 Rb6 26. Rad1 Nc7 27. Rxd6
Rd8 28. Red1 Rxd6 29. Rxd6 Rb1+ 30. Kh2 Rc1 31. Rd2 Rxc3 32. Rb2 Rxc6 33. Rb7
Bd4 34. Rb8+ Kh7 35. Rf8 Bg6 36. f4 Ne6 37. Rb8 Nxf4 38. Rb4 Rd6 39. Rb3 Be4
40. Rg3 Bf2 41. Rg4 Rf6 42. g3 Bf3 43. Rh4 Ne2 44. Rc4 Bxg3# 0-1

[Event "Tournoi francophone 015"]
[Site "Skype"]
[Date "????.??.??"]
[Round "2.43"]
[White "Rivalta, Paolo"]
[Black "Hampton, Irene"]
[Result "1-0"]
[WhiteElo "1142"]
[BlackElo "1000"]
[PlyCount "61"]

1. e4 e5 2. d4 d6 3. Nf3 Nc6 4. d5 Nce7 5. Bb5+ Bd7 6. c4 Nf6 7. Nc3 g6 8. Qb3
Bg7 9. Bxd7+ Qxd7 10. Qxb7 Qd8 11. Nb5 Nfxd5 12. exd5 e4 13. Nxc7+ Kd7 14.
Nxa8+ Ke8 15. Nc7+ Kf8 16. Ng5 Bf6 17. Nge6+ fxe6 18. Nxe6+ Kf7 19. Nxd8+ Rxd8
20. Bf4 g5 21. Bg3 Kg6 22. h4 g4 23. h5+ Kf5 24. Bh4 Rg8 25. Bxf6 Kxf6 26. Rh4
Rg5 27. Qd7 g3 28. Qe6+ Kg7 29. Qxe7+ Kh8 30. Qxg5 gxf2+ 31. Kxf2 1-0

[Event "Tournoi francophone 015"]
[Site "Skype"]
[Date "????.??.??"]
[Round "3.1"]
[White "Blasco, Raul"]
[Black "Hurtado De Mendoza, Ramon Miguel"]
[Result "1/2-1/2"]
[WhiteElo "1978"]
[BlackElo "1487"]
[PlyCount "51"]

1. c4 c5 2. Nc3 Nf6 3. g3 d5 4. cxd5 Nxd5 5. Bg2 Nc7 6. Nf3 Nc6 7. O-O e5 8. d3
Be7 9. Ne1 Bd7 10. Nc2 Rb8 11. e3 O-O 12. d4 exd4 13. exd4 cxd4 14. Nxd4 Nxd4
15. Qxd4 b6 16. Bf4 Ne6 17. Qd2 Nxf4 18. Qxf4 Be6 19. Rfd1 Qc8 20. Nd5 Bxd5 21.
Bxd5 Bf6 22. Rac1 Qe8 23. b3 Rc8 24. Rc4 Rxc4 25. Qxc4 Qe7 26. Qe4 1/2-1/2

[Event "Tournoi francophone 015"]
[Site "Skype"]
[Date "????.??.??"]
[Round "3.2"]
[White "Leyton Calderon, Jairo Oswaldo"]
[Black "Hilton, Stephen"]
[Result "1-0"]
[WhiteElo "1526"]
[BlackElo "1865"]
[PlyCount "51"]

1. Nf3 Nf6 2. b3 g6 3. g3 Bg7 4. Bb2 O-O 5. Bg2 d6 6. d4 Nbd7 7. O-O Rb8 8. c4
b6 9. Nc3 Bb7 10. Qc2 e5 11. dxe5 Nxe5 12. Nxe5 Bxg2 13. Nxf7 Rxf7 14. Kxg2 Qc8
15. Rad1 Ng4 16. e4 Qb7 17. Nd5 Bxb2 18. Qxb2 Rbf8 19. Rd2 Ne5 20. f4 c6 21.
Nc3 Ng4 22. Re1 Qe7 23. h3 Nh6 24. Qc2 Nf5 25. Qd1 g5 26. exf5 1-0

[Event "Tournoi francophone 015"]
[Site "Skype"]
[Date "????.??.??"]
[Round "3.3"]
[White "Deville, Olivier"]
[Black "Couto, Januario"]
[Result "1-0"]
[WhiteElo "1807"]
[BlackElo "1387"]
[PlyCount "81"]

1. d4 f5 2. g3 g6 3. Bg2 Bg7 4. c3 Nf6 5. Qb3 c6 6. Nf3 d5 7. O-O Nbd7 8. Ng5
Nf8 9. Nd2 Qb6 10. Qc2 h6 11. Nh3 Ne4 12. f3 Nxd2 13. Bxd2 e5 14. e3 Ne6 15.
Kh1 e4 16. fxe4 fxe4 17. Nf4 Nxf4 18. Rxf4 Bf5 19. g4 Be6 20. h3 g5 21. Rf2
O-O-O 22. b3 Rhf8 23. Raf1 Rxf2 24. Rxf2 Rf8 25. Be1 Rxf2 26. Qxf2 Qd8 27. Kg1
Qd6 28. Bf1 Kd7 29. c4 Qf8 30. cxd5 Qxf2+ 31. Kxf2 cxd5 32. Bb4 a6 33. Ke2 b5
34. Kd2 Kc6 35. Kc3 Kb6 36. Bc5+ Kc6 37. Kb4 Bc8 38. Ka5 Kd7 39. a4 Kc6 40.
axb5+ axb5 41. Bxb5+ 1-0

[Event "Tournoi francophone 015"]
[Site "Skype"]
[Date "????.??.??"]
[Round "3.4"]
[White "Ambrosino, Theo"]
[Black "Caputi, Giuliano"]
[Result "0-1"]
[WhiteElo "1412"]
[BlackElo "1782"]
[PlyCount "28"]

1. c4 c6 2. d4 d5 3. b3 Nf6 4. e3 g6 5. g3 Bg7 6. Bg2 O-O 7. h3 Bf5 8. Nc3 Nbd7
9. g4 Be6 10. Nge2 dxc4 11. Nf4 Nd5 12. Ncxd5 Bxd5 13. Nxd5 cxd5 14. Bxd5 Qa5+
0-1

[Event "Tournoi francophone 015"]
[Site "Skype"]
[Date "????.??.??"]
[Round "3.5"]
[White "Rapaire, Jean-Michel"]
[Black "Cengiz, Ali Ekber"]
[Result "1-0"]
[WhiteElo "1739"]
[BlackElo "1299"]
[PlyCount "41"]

1. e4 e5 2. Nf3 Nc6 3. Bb5 d6 4. d4 Bd7 5. dxe5 a6 6. Bxc6 Bxc6 7. Nc3 g6 8.
O-O Bg7 9. Bg5 Qd7 10. exd6 cxd6 11. Qd2 f6 12. Bf4 Rd8 13. Rad1 Bf8 14. Rfe1
g5 15. Bg3 Nh6 16. Nd5 Be7 17. Nb6 Qc7 18. Nd5 Qd7 19. Nd4 Bxd5 20. exd5 O-O
21. Ne6 1-0

[Event "Tournoi francophone 015"]
[Site "Skype"]
[Date "????.??.??"]
[Round "3.6"]
[White "Kruk, Clementine"]
[Black "Meyer, Eric"]
[Result "0-1"]
[WhiteElo "1293"]
[BlackElo "1664"]
[PlyCount "117"]

1. e4 c5 2. Nc3 Nc6 3. Bb5 Nd4 4. Nge2 g6 5. Nxd4 cxd4 6. Ne2 Bg7 7. d3 Qa5+ 8.
c3 Qxb5 9. Nxd4 Qb6 10. Qa4 Nf6 11. O-O O-O 12. e5 Nd5 13. Nf3 f6 14. Qc4 Qc6
15. Qb3 fxe5 16. Re1 Kh8 17. Nxe5 Bxe5 18. Rxe5 Qf6 19. Re2 Nf4 20. Bxf4 Qxf4
21. Rf1 e6 22. Re4 Qf5 23. c4 b6 24. Qc3+ Kg8 25. f3 Bb7 26. Re5 Qf6 27. Rfe1
Rae8 28. c5 Bd5 29. d4 Rc8 30. b4 d6 31. R5e3 dxc5 32. bxc5 bxc5 33. dxc5 Qxc3
34. Rxc3 Rf4 35. a3 Rc4 36. Rxc4 Bxc4 37. Rc1 Rxc5 38. Kf2 Rc6 39. Ke3 Bd5 40.
Rxc6 Bxc6 41. Kd4 Bb5 42. Ke5 Kf7 43. f4 Ke7 44. g4 h6 45. h4 Be2 46. f5 exf5
47. gxf5 gxf5 48. Kxf5 Kd6 49. Kg6 h5 50. Kf5 Kd5 51. Kf4 Kc4 52. Ke3 Bg4 53.
Kd2 Kb3 54. Kc1 Kxa3 55. Kb1 Kb3 56. Ka1 Kc3 57. Ka2 Kd3 58. Ka1 Ke3 59. Ka2
0-1

[Event "Tournoi francophone 015"]
[Site "Skype"]
[Date "????.??.??"]
[Round "3.7"]
[White "Lambert, Pierre"]
[Black "Ruiz Aguilera, Juan Jesus"]
[Result "1-0"]
[WhiteElo "1647"]
[BlackElo "1083"]
[PlyCount "91"]

1. e4 e5 2. Nf3 Nc6 3. d4 exd4 4. Nxd4 Nxd4 5. Qxd4 d6 6. Nc3 a6 7. g3 Qf6 8.
Qxf6 Nxf6 9. Bg2 Be7 10. O-O O-O 11. h3 h6 12. Be3 Be6 13. Rad1 Rad8 14. Rfe1
Rfe8 15. b3 Rd7 16. Ne2 Red8 17. f4 g6 18. Nd4 Kg7 19. f5 c5 20. fxe6 cxd4 21.
exd7 dxe3 22. Rxe3 Rxd7 23. Kh2 d5 24. e5 d4 25. exf6+ Bxf6 26. Re2 g5 27. Be4
Re7 28. Bd3 Re3 29. Rde1 Bd8 30. Rxe3 dxe3 31. Rxe3 Bb6 32. Re7 a5 33. Rxb7 Bd4
34. Bc4 Kf6 35. Rxf7+ Kg6 36. Kg2 Bc3 37. g4 Bd4 38. Kf3 Be5 39. Rf5 Bc3 40.
Ke4 Bb2 41. Bf7+ Kg7 42. Kd5 Bc3 43. Bh5 Kh7 44. Ke6 Bg7 45. Kf7 Bh8 46. Bg6#
1-0

[Event "Tournoi francophone 015"]
[Site "Skype"]
[Date "????.??.??"]
[Round "3.8"]
[White "Rodier, Marc"]
[Black "Megelas, Florent"]
[Result "1-0"]
[WhiteElo "1000"]
[BlackElo "1539"]
[PlyCount "67"]

1. e4 e5 2. Nf3 Nc6 3. Bb5 Nf6 4. O-O Be7 5. Re1 d6 6. h3 O-O 7. c3 Bd7 8. d4
exd4 9. cxd4 h6 10. Nc3 a6 11. Ba4 Nb4 12. Bxd7 Qxd7 13. a3 Nc6 14. b4 Rfe8 15.
Bb2 Bf8 16. e5 dxe5 17. dxe5 Qxd1 18. Raxd1 Nh5 19. Nd5 Rac8 20. g4 Ne7 21.
gxh5 Nxd5 22. Rxd5 Rcd8 23. Red1 Be7 24. Rxd8 Rxd8 25. Rxd8+ Bxd8 26. Nd2 Kf8
27. f4 Be7 28. Kf2 c5 29. Bc3 b6 30. Kf3 cxb4 31. Bxb4 a5 32. Bxe7+ Kxe7 33. a4
Ke6 34. Ke4 1-0

[Event "Tournoi francophone 015"]
[Site "Skype"]
[Date "????.??.??"]
[Round "3.9"]
[White "Moumtaz, Abderrahim"]
[Black "Legueltel, Daniel"]
[Result "1/2-1/2"]
[WhiteElo "1260"]
[BlackElo "1753"]
[PlyCount "60"]

1. d4 Nf6 2. c4 c6 3. Nf3 d5 4. e3 Bg4 5. Be2 e6 6. Nbd2 Be7 7. Qb3 Qb6 8. Qxb6
axb6 9. h3 Bxf3 10. Nxf3 O-O 11. O-O Nbd7 12. Bd2 Ne4 13. Be1 Ra7 14. a3 Rfa8
15. Nd2 Ndf6 16. Nxe4 Nxe4 17. f3 Nd6 18. cxd5 exd5 19. Bc3 b5 20. Bb4 Nf5 21.
Bxe7 Nxe7 22. Bd1 b4 23. a4 Kf8 24. b3 Ke8 25. Bc2 g6 26. e4 b5 27. Rfb1 Kd7
28. Kf2 Nc8 29. e5 Nb6 30. Ra2 Kc7 1/2-1/2

[Event "Tournoi francophone 015"]
[Site "Skype"]
[Date "????.??.??"]
[Round "3.10"]
[White "Elias, Roberto"]
[Black "Sepulveda, Lyda Marcela"]
[Result "1-0"]
[WhiteElo "1782"]
[BlackElo "1306"]
[PlyCount "51"]

1. c4 e5 2. Nc3 c6 3. d4 exd4 4. Qxd4 Nf6 5. Bg5 Be7 6. e4 O-O 7. Nf3 d6 8. Be2
h6 9. Bh4 Nh5 10. Bxe7 Qxe7 11. Rd1 Rd8 12. e5 c5 13. exd6 cxd4 14. dxe7 Re8
15. Nd5 Na6 16. Nxd4 Nf6 17. Nxf6+ gxf6 18. O-O Rxe7 19. Bf3 Nc5 20. Rfe1 Ne6
21. Nf5 Rc7 22. Rd8+ Nxd8 23. Re8+ Kh7 24. Rxd8 Rxc4 25. h3 Bxf5 26. Rxa8 1-0

[Event "Tournoi francophone 015"]
[Site "Skype"]
[Date "????.??.??"]
[Round "3.12"]
[White "Marino, Giuseppe"]
[Black "Ortiz, Vladimir"]
[Result "0-1"]
[WhiteElo "1339"]
[BlackElo "1443"]
[PlyCount "86"]

1. d4 Nf6 2. Nf3 d5 3. e3 Bf5 4. Bd3 Bxd3 5. Qxd3 c6 6. O-O e6 7. Nbd2 Nbd7 8.
e4 dxe4 9. Nxe4 Nxe4 10. Qxe4 Nf6 11. Qd3 Bd6 12. Bg5 h6 13. Bxf6 Qxf6 14. Rfe1
O-O 15. Ne5 Bxe5 16. Rxe5 Rad8 17. c3 c5 18. Rxc5 Qe7 19. Re5 f6 20. Re4 Qf7
21. Rae1 e5 22. b3 exd4 23. Rxd4 Rxd4 24. Qxd4 b6 25. h3 Re8 26. Rxe8+ Qxe8 27.
Qc4+ Kh8 28. Kf1 Qg6 29. a4 Qb1+ 30. Ke2 Qc2+ 31. Kf3 Qf5+ 32. Qf4 Qd3+ 33. Qe3
Qd5+ 34. Qe4 Qxb3 35. Qa8+ Kh7 36. Qxa7 Qxc3+ 37. Ke2 Qd4 38. a5 Qe5+ 39. Kd3
bxa5 40. f3 Qb5+ 41. Ke4 a4 42. Kf4 Qe5+ 43. Kg4 Qg5# 0-1